| 000 | 00625nam a22001697a 4500 | ||
|---|---|---|---|
| 999 |
_c63897 _d63897 |
||
| 003 | Ge_BSU | ||
| 005 | 20260216152847.0 | ||
| 008 | 260216s1968 ge ||||| |||| 00| 0 geo d | ||
| 041 | _ageo | ||
| 080 | _a908(479.22-21) + 821.353.1-4 გ-27 | ||
| 100 |
_aგედენიძე, დუდე _926894 |
||
| 245 |
_aჩემი ქალაქის ქრონიკები : _cდუდე გედენიძე. |
||
| 264 |
_aთბილისი : _bსაბჭ. საქართველო, _c1968. |
||
| 300 |
_a122 გვ. ; _b20 სმ. |
||
| 653 | _aქუთაისი | ||
| 942 |
_2udc _cᲬᲘᲒᲜᲘ |
||